Statystyki dla Levele polskich graczy

Kliknij tutaj aby rozwiązać quiz!

Ogólne statystyki

  • Ten quiz został rozwiązany 5 razy
  • Średni wynik to 11 z 24

Statystyki odpowiedzi

Nazwa levelaCreator% Poprawnych
A new energyBlazer2
75%
Abandoned GalaxyDamianosKabanos
75%
The ContrivancePatchimator
75%
BOOOONEEEEESSupris
75%
Defective SystemTexic
75%
First loveJanucha
50%
AspecTJustBasic
50%
ZiroikapiKapinapi
50%
DziwkMrJedi
50%
Make ItTheAlmightyWave
50%
ohhh my glowwV9LT
50%
Winter AuraVex01
50%
RepentlessViralDl
50%
FirepowerYlliee
50%
WalkZWK
50%
AlcatrazAsuith
25%
CadenceEzel142
25%
NoisesItzMezzo
25%
Ye manJanekh
25%
Party PopperLogiking
25%
FarewellOlikros
25%
Another Modern LevelTomsoNtm
25%
PagodaBenq151
0%
MorceeDtMaster19
0%

Rozkład punktacji

Percentyl według liczby udzielonych odpowiedzi

Procent ludzi z każdym wynikiem

Twoja historia wyników

Nie rozwiązałeś tego quizu